00000000nam 2200000zi 4500
0019.937790
003CaOODSP
00520250123115250
006m     o  d f      
007cr mn|||||||||
008240506t20242024onc     o    f000 0 fre d
020 |a9780660717692
040 |aCaOODSP|bfre|erda|cCaOODSP
043 |an-cn---
045 |ay2y2
0861 |aF2-298/1-2024F-PDF
24500|aRecherche postbudgétaire auprès de groupes de discussion - printemps 2024 : |brapport / |cpréparé à l'intention de Finances Canada.
24610|aRecherche postbudgétaire auprès de groupes de discussion - printemps 2024 - rapport final
24617|aRecherche postbudgétaire auprès de groupes de discussion - printemps 2024
264 1|a[Ottawa] : |bMinistère des finances Canada = Department of Finance Canada, |c2024.
264 4|c©2024
300 |a1 ressource en ligne (1, 39 pages) + |esommaire (6 pages non numérotées)
336 |atexte|btxt|2rdacontent/fre
337 |ainformatique|bc|2rdamedia/fre
338 |aressource en ligne|bcr|2rdacarrier/fre
500 |aPublié aussi en anglais sous le titre : Post-budget focus group research - spring 2024: report.
500 |aTitre de la couverture.
500 |a« Fournisseur : Environics Research. »
500 |a« Numéro du contrat : CW2328764. »
500 |a« Date de livraison : 29 avril 2024. »
500 |a« Numéro d'enregistrement : POR 036-23. »
650 6|aBudget|zCanada|xOpinion publique.
650 6|aFinances publiques|zCanada|xOpinion publique.
650 6|aLogement|xPolitique gouvernementale|zCanada|xOpinion publique.
650 6|aOpinion publique|zCanada.
7101 |aCanada. |bMinistère des finances, |eorganisme de publication.
7102 |aEnvironics Research Group, |econsultant.
77508|tPost-budget focus group research - spring 2024 : |w(CaOODSP)9.937786
85640|qPDF|s826 Ko|uhttps://publications.gc.ca/collections/collection_2025/fin/F2-298-1-2024-fra.pdf|z(rapport)
85640|qPDF|s288 Ko|uhttps://publications.gc.ca/collections/collection_2025/fin/F2-298-1-2024-1-fra.pdf|z(résumé)
8564 |qHTML|sS.O.|uhttps://epe.bac-lac.gc.ca/100/200/301/pwgsc-tpsgc/por-ef/finance/2024/036-23-1-f/sommaire/036-23-sommaire.htm|z(rapport)
8564 |qHTML|sS.O.|uhttps://epe.bac-lac.gc.ca/100/200/301/pwgsc-tpsgc/por-ef/finance/2024/036-23-1-f/sommaire/036-23-sommaire.htm|z(résumé)
8564 |qHTML|sS.O.|uhttps://epe.bac-lac.gc.ca/100/200/301/pwgsc-tpsgc/por-ef/finance/2024/036-23-1-f/index.html|z(ensemble de données complet)